<?xml version="1.0" encoding="UTF-8"?><?xml-stylesheet type="text/xsl" href="static/style.xsl"?><OAI-PMH xmlns="http://www.openarchives.org/OAI/2.0/" xmlns:xsi="http://www.w3.org/2001/XMLSchema-instance" xsi:schemaLocation="http://www.openarchives.org/OAI/2.0/ http://www.openarchives.org/OAI/2.0/OAI-PMH.xsd"><responseDate>2026-04-14T11:55:03Z</responseDate><request verb="GetRecord" identifier="oai:uvadoc.uva.es:10324/67775" metadataPrefix="marc">https://uvadoc.uva.es/oai/request</request><GetRecord><record><header><identifier>oai:uvadoc.uva.es:10324/67775</identifier><datestamp>2024-05-22T19:01:39Z</datestamp><setSpec>com_10324_38</setSpec><setSpec>col_10324_852</setSpec></header><metadata><record xmlns="http://www.loc.gov/MARC21/slim" xmlns:doc="http://www.lyncode.com/xoai" xmlns:xsi="http://www.w3.org/2001/XMLSchema-instance" xmlns:dcterms="http://purl.org/dc/terms/" xsi:schemaLocation="http://www.loc.gov/MARC21/slim http://www.loc.gov/standards/marcxml/schema/MARC21slim.xsd">
<leader>00925njm 22002777a 4500</leader>
<datafield tag="042" ind1=" " ind2=" ">
<subfield code="a">dc</subfield>
</datafield>
<datafield tag="720" ind1=" " ind2=" ">
<subfield code="a">Ordóñez Llorente, Elena Yun</subfield>
<subfield code="e">author</subfield>
</datafield>
<datafield tag="260" ind1=" " ind2=" ">
<subfield code="c">2023</subfield>
</datafield>
<datafield tag="520" ind1=" " ind2=" ">
<subfield code="a">El objetivo del presente trabajo es presentar diferentes dificultades que puede llegar a tener la traducción de literatura infantil y juvenil, ya que hay una idea generalizada de que es mucho más sencilla la traducción de esta que la de literatura para adultos, pero falsamente errónea. Para ello, tras una introducción a la literatura infantil y juvenil en general y las dificultades específicas de este género como son las diferencias culturales o el conflicto entre entretener o enseñar, se muestra las diferentes maneras de cómo adaptar la literatura infantil y juvenil, ya sean ilustraciones, como nombres, etc. Además, también está muy presente la traducción poética, ya que los niños si escuchan algo en rima, suelen prestar más atención y les suele gustar más.  &#xd;
Todo esto se intenta plasmar en una traducción comparada y una propuesta de traducción del famoso cuento infantil ilustrado The Gruffalo, escrito por Julia Donaldson e ilustrado por Axel Scheffler, un cuento rimado publicado originalmente en inglés en el año 1999 para niños de entre 3 y 5 años.</subfield>
</datafield>
<datafield tag="024" ind2=" " ind1="8">
<subfield code="a">https://uvadoc.uva.es/handle/10324/67775</subfield>
</datafield>
<datafield tag="245" ind1="0" ind2="0">
<subfield code="a">Traducción de literatura infantil. Análisis y propuesta de traducción de The Gruffalo (1999)</subfield>
</datafield>
</record></metadata></record></GetRecord></OAI-PMH>